[Event "OLOA 1920 SG 1871 Löberitz - SG Leipzi"]
[Site "?"]
[Date "2019.09.29"]
[Round "1.1"]
[White "Schubert, Thomas"]
[Black "Stein, Robert"]
[Result "1/2-1/2"]
[WhiteElo "2310"]
[BlackElo "2287"]
[PlyCount "29"]
[EventDate "2019.??.??"]

1. d4 Nf6 2. Nf3 e6 3. c4 Bb4+ 4. Nbd2 b6 5. a3 Bxd2+ 6. Qxd2 O-O 7. g3 a5 8.
b3 Bb7 9. Bg2 Be4 10. O-O d5 11. Qc3 a4 12. b4 dxc4 13. Qxc4 Bd5 14. Qd3 Be4
15. Qc4 1/2-1/2

[Event "OLOA 1920 SG 1871 Löberitz - SG Leipzi"]
[Site "?"]
[Date "2019.09.29"]
[Round "1.2"]
[White "Pallas, Sebastian"]
[Black "Boehnisch, Manfred"]
[Result "1-0"]
[WhiteElo "2291"]
[BlackElo "2276"]
[PlyCount "135"]
[EventDate "2019.??.??"]

1. e4 c6 2. d4 d5 3. Nc3 dxe4 4. Nxe4 Bf5 5. Ng3 Bg6 6. h4 h6 7. Nf3 Nd7 8. h5
Bh7 9. Bd3 Bxd3 10. Qxd3 e6 11. Bd2 Qc7 12. O-O-O O-O-O 13. Qe2 Ngf6 14. Ne5
Nb6 15. Ba5 c5 16. Bxb6 axb6 17. dxc5 Bxc5 18. Nd3 Nd5 19. Kb1 Rd7 20. Rh4 Rhd8
21. Rc1 Bd6 22. Ne5 Bxe5 23. Rc4 Nf4 24. Rxc7+ Bxc7 25. Qf3 f5 26. Ne2 Nxe2 27.
Qxe2 e5 28. a3 Rd4 29. g3 e4 30. Qe3 Kb8 31. Ka2 R8d5 32. Rf1 b5 33. f3 b6 34.
fxe4 Rxe4 35. Qb3 Rc4 36. Re1 Rdc5 37. Re8+ Ka7 38. Qf3 Re4 39. Rxe4 fxe4 40.
Qxe4 Bxg3 41. Qg6 Be5 42. Kb3 Bf6 43. c3 Kb7 44. Qf7+ Kc6 45. Qe8+ Kc7 46. Kb4
Be5 47. Qe7+ Kb8 48. Qd8+ Kb7 49. Qd7+ Kb8 50. a4 bxa4 51. Kxa4 Bf6 52. b4 Rxc3
53. Kb5 Rc7 54. Qe8+ Kb7 55. Qe6 Kb8 56. Kxb6 Rb7+ 57. Kc6 Rc7+ 58. Kd6 Kb7 59.
Qd5+ Kb8 60. Qb5+ Rb7 61. Qe8+ Ka7 62. Qa4+ Kb8 63. Kd5 Kc8 64. Qe8+ Kc7 65. b5
Rb6 66. Kc5 Rb8 67. b6+ Kb7 68. Qd7+ 1-0

[Event "OLOA 1920 SG 1871 Löberitz - SG Leipzi"]
[Site "?"]
[Date "2019.09.29"]
[Round "1.3"]
[White "Dietze, Frank"]
[Black "Niegsch, Nicolas"]
[Result "1/2-1/2"]
[WhiteElo "2089"]
[BlackElo "2270"]
[PlyCount "82"]
[EventDate "2019.??.??"]

1. d4 Nf6 2. c4 g6 3. g3 Bg7 4. Nf3 O-O 5. Bg2 d6 6. O-O Nc6 7. Nc3 Bf5 8. h3
e5 9. dxe5 dxe5 10. Be3 Qc8 11. Nd5 Bxh3 12. Qa4 Bxg2 13. Kxg2 Nxd5 14. cxd5
Ne7 15. Bc5 Re8 16. e4 Qd8 17. Rfd1 Nc8 18. Rac1 Nd6 19. Be3 a6 20. Qc2 Rc8 21.
b3 Qd7 22. Rh1 h5 23. Nd2 c6 24. Qd3 cxd5 25. Qxd5 Qe6 26. Rxc8 Rxc8 27. Qxe6
fxe6 28. a4 Kf7 29. g4 hxg4 30. Kg3 Rc3 31. Kxg4 b5 32. axb5 Nxb5 33. Ra1 Rc6
34. Nc4 Bf6 35. Na5 Rc7 36. Nc4 Rc6 37. Na5 Rc3 38. Nc4 Rxb3 39. Rxa6 Rc3 40.
Nd6+ Nxd6 41. Rxd6 Rc4 1/2-1/2

[Event "OLOA 1920 SG 1871 Löberitz - SG Leipzi"]
[Site "?"]
[Date "2019.09.29"]
[Round "1.4"]
[White "Schuetze, Norman"]
[Black "Schunk, Thomas"]
[Result "1/2-1/2"]
[WhiteElo "2280"]
[BlackElo "2124"]
[PlyCount "89"]
[EventDate "2019.??.??"]

1. e4 c5 2. Nf3 e6 3. d4 cxd4 4. Nxd4 Nf6 5. Nc3 d6 6. g4 h6 7. h4 a6 8. Rg1
Qa5 9. Nb3 Qc7 10. g5 hxg5 11. hxg5 Nfd7 12. Be3 Nc6 13. Qd2 Nce5 14. Nd4 Nb6
15. O-O-O Bd7 16. g6 f6 17. Rg3 O-O-O 18. Bh3 Nec4 19. Qe1 Re8 20. Kb1 Nxe3 21.
Qxe3 Kb8 22. b3 d5 23. exd5 exd5 24. Qf3 Bxh3 25. Rxh3 Rxh3 26. Qxh3 Bb4 27.
Nce2 Ka7 28. Rd3 Re4 29. Re3 Ba3 30. c3 Qe7 31. Nf5 Qe8 32. Qg2 Qd7 33. Ned4
Re5 34. Qf3 Bc5 35. Qf4 Qe8 36. Qg3 Rxe3 37. fxe3 Bxd4 38. Nxd4 Nd7 39. Qc7 Ne5
40. Kb2 Qxg6 41. Qc5+ Ka8 42. Qxd5 Qd3 43. Qd8+ Ka7 44. Nc6+ bxc6 45. Qc7+
1/2-1/2

[Event "OLOA 1920 SG 1871 Löberitz - SG Leipzi"]
[Site "?"]
[Date "2019.09.29"]
[Round "1.5"]
[White "Schultz, Andreas"]
[Black "Mertens, Fridolin"]
[Result "1/2-1/2"]
[WhiteElo "2176"]
[BlackElo "2132"]
[PlyCount "60"]
[EventDate "2019.??.??"]

1. d4 Nf6 2. c4 g6 3. Nc3 Bg7 4. e4 O-O 5. Nf3 d6 6. Be2 e5 7. O-O Nbd7 8. Be3
c6 9. Qc2 exd4 10. Nxd4 Qe7 11. Nb3 Re8 12. Nd2 Nc5 13. f3 Na6 14. Rfe1 d5 15.
cxd5 Nb4 16. Qc1 cxd5 17. Bb5 Bd7 18. a3 Bxb5 19. axb4 Qxb4 20. exd5 Rac8 21.
Qb1 a6 22. Nde4 Nxe4 23. fxe4 Bxc3 24. bxc3 Qxb1 25. Raxb1 Rxc3 26. Bf2 f6 27.
Bd4 Rc4 28. Rbd1 Kf7 29. e5 fxe5 30. Bxe5 Bd7 1/2-1/2

[Event "OLOA 1920 SG 1871 Löberitz - SG Leipzi"]
[Site "?"]
[Date "2019.09.29"]
[Round "1.6"]
[White "Otikova, Elina"]
[Black "Fasshauer, Jacob"]
[Result "1/2-1/2"]
[WhiteElo "2072"]
[BlackElo "2076"]
[PlyCount "66"]
[EventDate "2019.??.??"]

1. e4 c5 2. Nf3 e6 3. d4 cxd4 4. Nxd4 Nc6 5. Nc3 Qc7 6. Be3 a6 7. Bd3 b5 8.
Nxc6 Qxc6 9. O-O Bb7 10. Kh1 Nf6 11. f3 Bc5 12. Qc1 d6 13. a4 b4 14. Nd5 Bxe3
15. Nxf6+ gxf6 16. Qxe3 Qc5 17. Qd2 a5 18. Rfc1 Ke7 19. c3 bxc3 20. Rxc3 Qb6
21. b4 axb4 22. Rb3 Qd4 23. Qb2 Qxb2 24. Rxb2 Ba6 25. Bxa6 Rxa6 26. Rxb4 Rha8
27. h4 Ra5 28. Kh2 f5 29. Rc1 Rxa4 30. Rb7+ Kf6 31. exf5 Rxh4+ 32. Kg3 Rh5 33.
fxe6 Kxe6 1/2-1/2

[Event "OLOA 1920 SG 1871 Löberitz - SG Leipzi"]
[Site "?"]
[Date "2019.09.29"]
[Round "1.7"]
[White "Ulms, Sandra"]
[Black "Proehl, Holger"]
[Result "0-1"]
[WhiteElo "2154"]
[BlackElo "2333"]
[PlyCount "166"]
[EventDate "2019.??.??"]

1. d4 b5 2. e4 Bb7 3. f3 a6 4. Be3 e6 5. Bd3 Nf6 6. Nd2 Be7 7. Ne2 d6 8. Nb3 c6
9. a4 Nbd7 10. axb5 axb5 11. O-O O-O 12. Rxa8 Bxa8 13. Qd2 Qb8 14. Ra1 Rc8 15.
Qa5 Bd8 16. Qb4 Bb6 17. Kh1 Qc7 18. Qe1 Bb7 19. Na5 Ra8 20. Nxb7 Qxb7 21. Bg1
Ra7 22. Rxa7 Qxa7 23. Qc3 Qa8 24. Qb4 Bc7 25. c4 bxc4 26. Bxc4 Nb6 27. Bd3 Nfd7
28. Qa3 h6 29. Nc3 Qb7 30. Qa6 Qxa6 31. Bxa6 Nb8 32. Bd3 Kf8 33. g3 Ke7 34. Kg2
N6d7 35. Na4 Ba5 36. Kf1 Bb4 37. Ke2 f6 38. Be3 d5 39. exd5 cxd5 40. f4 Nc6 41.
Bb5 Kd6 42. Kd3 Na7 43. Bxd7 Kxd7 44. Bd2 Bd6 45. Nc3 Kc6 46. g4 g5 47. fxg5
hxg5 48. h3 Bg3 49. Ne2 Bh4 50. Ng1 Nb5 51. Nf3 Bf2 52. Bb4 Kd7 53. Ba5 Nd6 54.
Ke2 Ne4 55. Bb4 Ke8 56. Ba5 Bg3 57. Nd2 Nf2 58. Kf3 Bh4 59. Kg2 Nd3 60. Nf3 Bf2
61. Bd2 Kd7 62. b3 Kc6 63. Kf1 Bg3 64. Kg2 Bf4 65. Ba5 Kd7 66. h4 gxh4 67. Nxh4
Nc1 68. b4 Bd2 69. Nf3 Bc3 70. g5 fxg5 71. Ne5+ Kc8 72. Nc6 Nb3 73. Bd8 Kd7 74.
b5 Nxd4 75. Nxd4 Bxd4 76. Bxg5 Kc7 77. Kf3 e5 78. Ke2 e4 79. Kd2 Kb6 80. Be7
Kxb5 81. Bh4 Kc4 82. Bg3 Bg1 83. Bb8 d4 0-1

[Event "OLOA 1920 SG 1871 Löberitz - SG Leipzi"]
[Site "?"]
[Date "2019.09.29"]
[Round "1.8"]
[White "Schaefer, Reyk"]
[Black "Limpert, Michael"]
[Result "1/2-1/2"]
[WhiteElo "2109"]
[BlackElo "2143"]
[PlyCount "32"]
[EventDate "2019.??.??"]

1. d4 d5 2. c4 c6 3. cxd5 cxd5 4. Bf4 e6 5. Nc3 Nf6 6. e3 Nc6 7. Bd3 Be7 8. h3
Bd7 9. Nf3 O-O 10. O-O Qa5 11. Rc1 Rfc8 12. Qb3 Qb4 13. Qxb4 Nxb4 14. Bb1 a6
15. Ne5 Be8 16. Rfd1 b5 1/2-1/2

[Event "OLOA 1920 Nickelhütte Aue II - SG Leip"]
[Site "?"]
[Date "2019.09.29"]
[Round "1.1"]
[White "Natsidis, Christoph"]
[Black "Pulpan, Jakub"]
[Result "0-1"]
[WhiteElo "2316"]
[BlackElo "2402"]
[PlyCount "68"]
[EventDate "2019.??.??"]

1. d4 Nf6 2. c4 e6 3. Nc3 d5 4. cxd5 Nxd5 5. Nf3 c5 6. g3 Nc6 7. Bg2 Be7 8. O-O
Nxc3 9. bxc3 O-O 10. Be3 Qa5 11. dxc5 Rd8 12. Qb3 Bxc5 13. Bxc5 Qxc5 14. Rfd1
b6 15. Ne5 Bb7 16. Nxc6 Bxc6 17. Qb4 Qxb4 18. cxb4 Ba4 19. Bxa8 Bxd1 20. Bf3
Rd2 21. Kf1 Ba4 22. a3 g6 23. Ke1 Rb2 24. Rc1 Bb5 25. Rc3 Kg7 26. Kd1 Ra2 27.
Kc1 Bxe2 28. Be4 Bg4 29. f3 Bf5 30. Bc6 g5 31. g4 Bg6 32. h3 Rh2 33. Ba8 Rxh3
34. Rc7 h5 0-1

[Event "OLOA 1920 Nickelhütte Aue II - SG Leip"]
[Site "?"]
[Date "2019.09.29"]
[Round "1.2"]
[White "Cerveny, Martin"]
[Black "Richter, Leonard"]
[Result "1-0"]
[WhiteElo "2350"]
[BlackElo "2270"]
[PlyCount "77"]
[EventDate "2019.??.??"]

1. Nf3 Nf6 2. b3 g6 3. Bb2 Bg7 4. g3 O-O 5. Bg2 d6 6. d4 a5 7. a4 c6 8. O-O
Nbd7 9. h3 Qc7 10. Na3 Re8 11. Re1 Ne4 12. c4 Ndf6 13. Qc2 h5 14. Rad1 Bf5 15.
Qc1 Qc8 16. h4 Ng4 17. Rf1 Bh6 18. Ng5 Nexf2 19. Rxf2 Nxf2 20. Kxf2 f6 21. Qc3
e5 22. dxe5 dxe5 23. Ne4 Bxe4 24. Bxe4 f5 25. Bg2 f4 26. Be4 Qg4 27. Qf3 fxg3+
28. Kg2 Bf4 29. Rd6 Qxh4 30. Rxg6+ Kf7 31. Nc2 Rg8 32. Rxg8 Rxg8 33. Ne1 Qh2+
34. Kf1 Ke6 35. Bd5+ cxd5 36. Qxd5+ Kf5 37. Qf7+ Ke4 38. Qh7+ Ke3 39. Qd3# 1-0

[Event "OLOA 1920 Nickelhütte Aue II - SG Leip"]
[Site "?"]
[Date "2019.09.29"]
[Round "1.3"]
[White "Nguyen, Alex Dac-Vuong"]
[Black "Eichner, Sebastian"]
[Result "1/2-1/2"]
[WhiteElo "2128"]
[BlackElo "2349"]
[PlyCount "51"]
[EventDate "2019.??.??"]

1. e4 e5 2. Nf3 Nc6 3. Bb5 a6 4. Ba4 Nf6 5. O-O Bc5 6. c3 b5 7. Bb3 Ba7 8. d4
d6 9. h3 O-O 10. Re1 h6 11. a4 Bd7 12. axb5 axb5 13. Na3 Bb6 14. Be3 Qb8 15.
Bc2 Ba7 16. Qd2 Re8 17. Bxh6 gxh6 18. Qxh6 Nh7 19. Bb3 Nd8 20. Ng5 Nxg5 21.
Qxg5+ Kf8 22. Qh6+ Ke7 23. Qh4+ Kf8 24. Qh6+ Ke7 25. Qh4+ Kf8 26. Qh6+ 1/2-1/2

[Event "OLOA 1920 Nickelhütte Aue II - SG Leip"]
[Site "?"]
[Date "2019.09.29"]
[Round "1.4"]
[White "Spiess, Gunter"]
[Black "Heistermann, Till"]
[Result "1/2-1/2"]
[WhiteElo "2394"]
[BlackElo "2181"]
[PlyCount "52"]
[EventDate "2019.??.??"]

1. d4 Nf6 2. Nf3 c5 3. d5 g6 4. Nc3 d6 5. e4 Bg7 6. Be2 Bg4 7. O-O O-O 8. Bf4
Nbd7 9. a4 a6 10. Nd2 Bxe2 11. Qxe2 Ne8 12. Nf3 Nc7 13. Rfd1 Re8 14. Bg3 b6 15.
h3 Rb8 16. e5 b5 17. axb5 axb5 18. Ra7 b4 19. Nb1 Nb5 20. e6 Nxa7 21. exf7+ Kh8
22. fxe8=Q+ Qxe8 23. c4 bxc3 24. Nxc3 Bf6 25. Ra1 Nc8 26. h4 Ncb6 1/2-1/2

[Event "OLOA 1920 Nickelhütte Aue II - SG Leip"]
[Site "?"]
[Date "2019.09.29"]
[Round "1.5"]
[White "Roesemann, Rainer"]
[Black "Langrock, Hannes"]
[Result "1/2-1/2"]
[WhiteElo "2241"]
[BlackElo "2355"]
[PlyCount "51"]
[EventDate "2019.??.??"]

1. c4 f5 2. g3 Nf6 3. Bg2 g6 4. Nc3 Bg7 5. d3 d6 6. e4 Nc6 7. Nge2 O-O 8. O-O
e5 9. Nd5 Be6 10. Bg5 Qd7 11. Qd2 Rf7 12. b4 Raf8 13. b5 Nd8 14. Rab1 c6 15.
Nxf6+ Bxf6 16. Bxf6 Rxf6 17. bxc6 bxc6 18. f4 fxe4 19. Bxe4 Bh3 20. Bg2 Bxg2
21. Kxg2 exf4 22. Rxf4 Rxf4 23. Nxf4 Ne6 24. Nxe6 Qxe6 25. Rb7 Rf7 26. Rxf7
1/2-1/2

[Event "OLOA 1920 Nickelhütte Aue II - SG Leip"]
[Site "?"]
[Date "2019.09.29"]
[Round "1.7"]
[White "Hoffmann, Hendrik"]
[Black "Jurasek, Miroslav"]
[Result "1/2-1/2"]
[WhiteElo "2274"]
[BlackElo "2242"]
[PlyCount "58"]
[EventDate "2019.??.??"]

1. e4 e6 2. d4 d5 3. Nd2 Nc6 4. Ngf3 Nf6 5. e5 Nd7 6. Bd3 f6 7. exf6 Qxf6 8.
Nf1 Bd6 9. Ne3 O-O 10. O-O Bf4 11. Ng4 Qf7 12. c3 e5 13. dxe5 Ndxe5 14. Ngxe5
Nxe5 15. Nxe5 Bxe5 16. f4 Bf6 17. Bd2 g6 18. Qf3 Bf5 19. g4 Bxd3 20. Qxd3 Rae8
21. Rae1 c6 22. f5 Rxe1 23. Rxe1 Re8 24. Rxe8+ Qxe8 25. g5 Be5 26. f6 Qe6 27.
Qf3 Kf7 28. Kg2 Bd6 29. Be3 b6 1/2-1/2

[Event "OLOA 1920 Nickelhütte Aue II - SG Leip"]
[Site "?"]
[Date "2019.09.29"]
[Round "1.8"]
[White "Heinz, Thomas"]
[Black "Rausch, Stephan"]
[Result "1/2-1/2"]
[WhiteElo "2175"]
[BlackElo "2283"]
[PlyCount "90"]
[EventDate "2019.??.??"]

1. e4 e6 2. d4 d5 3. exd5 exd5 4. Nf3 Bd6 5. Bd3 Nf6 6. O-O O-O 7. Bg5 Bg4 8.
c3 c6 9. Nbd2 Nbd7 10. Re1 Qc7 11. Qc2 Rfe8 12. Bh4 Bh5 13. Bg3 Bg6 14. Bxg6
hxg6 15. a4 Nh5 16. Bxd6 Qxd6 17. Nf1 Nhf6 18. Ng3 Rxe1+ 19. Rxe1 Re8 20. Rxe8+
Nxe8 21. Qe2 Nc7 22. a5 Ne6 23. b4 Qf4 24. Qd2 b6 25. axb6 axb6 26. Qxf4 Nxf4
27. Kf1 f6 28. Ne2 Nd3 29. Ne1 Nb2 30. f3 Kf7 31. Nc2 Nc4 32. Nf4 g5 33. Ne2 b5
34. Kf2 Ndb6 35. Ne3 Nb2 36. Ke1 Ke6 37. Kd2 g6 38. Kc2 N2c4 39. Nxc4 dxc4 40.
Kd2 Nd5 41. g3 f5 42. h3 g4 43. hxg4 fxg4 44. fxg4 Kf6 45. Ng1 Kg5 1/2-1/2

[Event "OLOA 1920 SV Sangerhausen - USV Halle"]
[Site "?"]
[Date "2019.09.29"]
[Round "1.1"]
[White "Becker, Michael"]
[Black "Strache, Michael"]
[Result "1/2-1/2"]
[WhiteElo "2290"]
[BlackElo "2285"]
[PlyCount "81"]
[EventDate "2019.??.??"]

1. e4 e5 2. Nf3 Nc6 3. d4 exd4 4. Nxd4 Nf6 5. Nxc6 bxc6 6. e5 Qe7 7. Qe2 Nd5 8.
c4 Nb6 9. g3 Qe6 10. b3 Bb4+ 11. Bd2 a5 12. Bg2 O-O 13. O-O f6 14. Re1 Bc5 15.
Be3 Qxe5 16. Nd2 Bb7 17. Bxc5 Qxc5 18. Ne4 Qe7 19. Qd2 d5 20. c5 dxe4 21. cxb6
f5 22. bxc7 Qxc7 23. Rac1 Rad8 24. Qe3 Rd3 25. Qa7 Ra8 26. Qc5 Qd7 27. Bf1 Rd2
28. Rc2 Rxc2 29. Qxc2 Qe7 30. Rd1 e3 31. Bc4+ Kh8 32. Bd3 c5 33. Re1 Qd7 34.
Bf1 a4 35. Bg2 axb3 36. axb3 Bxg2 37. Kxg2 Rd8 38. Rf1 Qd5+ 39. Kg1 g6 40. Rc1
Rb8 41. Qxc5 1/2-1/2

[Event "OLOA 1920 SV Sangerhausen - USV Halle"]
[Site "?"]
[Date "2019.09.29"]
[Round "1.2"]
[White "Heyder, Florian"]
[Black "Hartge, Gedeon"]
[Result "0-1"]
[WhiteElo "2208"]
[BlackElo "2225"]
[PlyCount "88"]
[EventDate "2019.??.??"]

1. d4 Nf6 2. c4 c5 3. d5 b5 4. cxb5 a6 5. bxa6 g6 6. Nc3 Bg7 7. e4 O-O 8. a7
Rxa7 9. Nf3 e6 10. Be2 exd5 11. exd5 d6 12. O-O Na6 13. Bf4 Nc7 14. a4 Ba6 15.
Bxa6 Rxa6 16. Qd2 Qd7 17. Rfe1 Rb8 18. Ra2 Qf5 19. Nh4 Qh5 20. Bg5 h6 21. Bxf6
Bxf6 22. Nf3 Bxc3 23. bxc3 Nxd5 24. a5 Nf6 25. Ra4 g5 26. Qd3 Rba8 27. Rea1 Kg7
28. Nd2 Qg6 29. Qf3 Rb8 30. h4 d5 31. hxg5 hxg5 32. Qg3 Rb2 33. Nf3 g4 34. Nh4
Qg5 35. Rf4 Re2 36. f3 Re5 37. Rfa4 gxf3 38. Qxf3 Ne4 39. Qh3 Rh6 40. g3 Qe3+
41. Kh2 Rxh4 42. Qxh4 Qf2+ 43. Kh3 Ng5+ 44. Qxg5+ Rxg5 0-1

[Event "OLOA 1920 SV Sangerhausen - USV Halle"]
[Site "?"]
[Date "2019.09.29"]
[Round "1.3"]
[White "Hoepfl, Thomas"]
[Black "Hillmann, Michael"]
[Result "1/2-1/2"]
[WhiteElo "2269"]
[BlackElo "2129"]
[PlyCount "73"]
[EventDate "2019.??.??"]

1. e4 d6 2. d4 Nf6 3. Nc3 g6 4. Be3 c6 5. h3 Nbd7 6. Nf3 e5 7. Qd2 b5 8. Bd3
Bb7 9. dxe5 dxe5 10. Bh6 Bxh6 11. Qxh6 Qe7 12. O-O a6 13. a4 Qf8 14. Qg5 Qe7
15. Ne2 O-O 16. Ng3 Kh8 17. Rad1 Rfe8 18. c3 Nc5 19. Bc2 Nfd7 20. axb5 axb5 21.
b4 Na4 22. Bb3 f6 23. Qh6 Red8 24. Qe3 Ndb6 25. Nh4 Nc4 26. Qc1 Nab6 27. Rxd8+
Rxd8 28. Rd1 Rxd1+ 29. Qxd1 Bc8 30. Nf3 Qd7 31. Qc1 Kg7 32. h4 h5 33. Bxc4 Nxc4
34. Qa1 Kf7 35. Qc1 Kg7 36. Qa1 Kf7 37. Qc1 1/2-1/2

[Event "OLOA 1920 SV Sangerhausen - USV Halle"]
[Site "?"]
[Date "2019.09.29"]
[Round "1.4"]
[White "Hellwig, Tobias"]
[Black "Puls, Thomas"]
[Result "1-0"]
[WhiteElo "2220"]
[BlackElo "2183"]
[PlyCount "119"]
[EventDate "2019.??.??"]

1. d4 f5 2. Nf3 Nf6 3. c4 g6 4. Nc3 Bg7 5. g3 O-O 6. Bg2 d6 7. O-O c6 8. Rb1 a5
9. Qb3 Ne4 10. Qc2 Nxc3 11. bxc3 e5 12. dxe5 dxe5 13. Ba3 Re8 14. Rbd1 Qf6 15.
e4 Qf7 16. Rfe1 h6 17. Bd6 f4 18. gxf4 Qxf4 19. Rd3 Nd7 20. c5 a4 21. Nd2 Nf6
22. Rf3 Qh4 23. Nc4 Bg4 24. Rfe3 Nd7 25. Rb1 Ra7 26. Rb4 Be6 27. Rxa4 Rea8 28.
Rxa7 Rxa7 29. Bf1 Qd8 30. a4 Kh7 31. Rg3 b5 32. cxb6 Nxb6 33. Bc5 Bxc4 34. Bxc4
Rd7 35. Bf1 Bf8 36. Bxf8 Qxf8 37. Qb3 Nc8 38. Qe6 Rd6 39. Qxe5 Rf6 40. Qd4 c5
41. Qe3 Nb6 42. a5 Nd7 43. e5 Rf5 44. Bd3 Rxe5 45. Bxg6+ Kh8 46. Qf3 Qxf3 47.
Rxf3 Re1+ 48. Kg2 Ra1 49. Bf5 Ne5 50. Re3 Nc4 51. Re6 Rxa5 52. Rxh6+ Kg7 53.
Rg6+ Kf7 54. Rg3 Kf6 55. Bh7 Ra3 56. h4 Nd6 57. h5 c4 58. h6 Nb5 59. Rg6+ Kf7
60. Rg5 1-0

[Event "OLOA 1920 SV Sangerhausen - USV Halle"]
[Site "?"]
[Date "2019.09.29"]
[Round "1.5"]
[White "Reipsch, Jens"]
[Black "Guenther, Christian"]
[Result "1/2-1/2"]
[WhiteElo "2239"]
[BlackElo "2172"]
[PlyCount "66"]
[EventDate "2019.??.??"]

1. e4 g6 2. d4 Bg7 3. Nf3 d6 4. Bc4 Nf6 5. Qe2 d5 6. exd5 Nxd5 7. O-O Nc6 8. c3
O-O 9. Nbd2 Na5 10. Bxd5 Qxd5 11. Qxe7 c6 12. b4 Nc4 13. Qc5 Nb6 14. Nb3 Re8
15. Bd2 Bg4 16. Qxd5 cxd5 17. Rfe1 Nc4 18. Rxe8+ Rxe8 19. Re1 Kf8 20. Rxe8+
Kxe8 21. Bf4 Bxf3 22. gxf3 Kd7 23. Kf1 Kc6 24. Ke2 b6 25. Nd2 Nxd2 26. Kxd2 Kb5
27. Kd3 Bf6 28. h3 Be7 29. Bb8 a6 30. Bc7 Kc6 31. Bf4 Kb5 32. Bc7 Kc6 33. Bf4
Kb5 1/2-1/2

[Event "OLOA 1920 SV Sangerhausen - USV Halle"]
[Site "?"]
[Date "2019.09.29"]
[Round "1.7"]
[White "Luther, Juergen"]
[Black "Buerckner, Georg"]
[Result "1/2-1/2"]
[WhiteElo "2133"]
[BlackElo "2043"]
[PlyCount "59"]
[EventDate "2019.??.??"]

1. d4 d5 2. Nf3 e6 3. c4 Nf6 4. e3 Be7 5. Nc3 O-O 6. Bd3 a6 7. cxd5 exd5 8. h3
Nbd7 9. O-O Re8 10. Qc2 Bd6 11. b3 c6 12. Bb2 Nf8 13. Rfe1 Be6 14. Ne5 N6d7 15.
f4 f6 16. Nf3 Rc8 17. Rad1 c5 18. Bf5 Bf7 19. Qd2 c4 20. bxc4 Rxc4 21. Bd3 Rc6
22. e4 Bb4 23. a3 Ba5 24. exd5 Rxe1+ 25. Rxe1 Bxd5 26. Be4 Nb6 27. Qd3 Bxe4 28.
Rxe4 Bxc3 29. Bxc3 Nd5 30. Bd2 1/2-1/2

[Event "OLOA 1920 SV Sangerhausen - USV Halle"]
[Site "?"]
[Date "2019.09.29"]
[Round "1.8"]
[White "Ellemann, Stefan"]
[Black "Groeger, Stefan"]
[Result "1/2-1/2"]
[WhiteElo "2001"]
[BlackElo "2113"]
[PlyCount "44"]
[EventDate "2019.??.??"]

1. c4 e6 2. g3 d5 3. Bg2 Nf6 4. Nf3 Be7 5. O-O O-O 6. b3 c5 7. cxd5 exd5 8. d4
b6 9. Nc3 Bb7 10. Bb2 Na6 11. Ne5 Nc7 12. dxc5 bxc5 13. Rc1 Rc8 14. Bh3 d4 15.
Bxc8 Qxc8 16. Na4 Qh3 17. f3 Bd6 18. Nxc5 Bxe5 19. Nxb7 Bxg3 20. hxg3 Qxg3+ 21.
Kh1 Qh3+ 22. Kg1 Qg3+ 1/2-1/2

[Event "OLOA 1920 SV Rochade Magdeburg 96 - SG"]
[Site "?"]
[Date "2019.09.29"]
[Round "1.1"]
[White "Merkert, Maximilian"]
[Black "Hollan, Martin"]
[Result "1/2-1/2"]
[WhiteElo "2248"]
[BlackElo "2403"]
[PlyCount "118"]
[EventDate "2019.??.??"]

1. c4 c5 2. g3 Nc6 3. Bg2 g6 4. Nc3 Bg7 5. Nf3 d6 6. O-O e6 7. d3 Nge7 8. Bg5
O-O 9. Rb1 Rb8 10. Qc1 b6 11. a3 Bb7 12. Bh6 Bxh6 13. Qxh6 Nf5 14. Qd2 Qe7 15.
e3 Rfd8 16. Rfc1 Qf6 17. Ne4 Qg7 18. Qc2 d5 19. Ned2 a5 20. Rd1 Rd6 21. b3 Rbd8
22. Ne1 Ba8 23. Qb2 Ne5 24. Ndf3 Nxf3+ 25. Bxf3 Qxb2 26. Rxb2 dxc4 27. Bxa8 c3
28. Rc2 Rxa8 29. Rxc3 Rad8 30. Kf1 e5 31. Ke2 Kg7 32. Nf3 Re8 33. Rc2 f6 34.
Nd2 Ne7 35. Ne4 Re6 36. Nc3 Rd8 37. Rb2 Nc6 38. Na4 Rb8 39. g4 f5 40. gxf5 gxf5
41. Rg1+ Rg6 42. Rbb1 Kf7 43. Rg3 f4 44. Rxg6 hxg6 45. Kf3 fxe3 46. fxe3 Ke6
47. Rg1 Ne7 48. Ke4 Kd6 49. d4 exd4 50. exd4 cxd4 51. Kxd4 Kc6 52. Rc1+ Kb7 53.
Re1 Nc6+ 54. Kc3 Rh8 55. Rd1 Rh3+ 56. Rd3 Rxh2 57. Rd7+ Ka6 58. Rd6 Rh3+ 59.
Kb2 Rh2+ 1/2-1/2

[Event "OLOA 1920 SV Rochade Magdeburg 96 - SG"]
[Site "?"]
[Date "2019.09.29"]
[Round "1.2"]
[White "Hollan, Petr"]
[Black "Roehr, Tobias"]
[Result "1/2-1/2"]
[WhiteElo "2301"]
[BlackElo "2124"]
[PlyCount "113"]
[EventDate "2019.??.??"]

1. e4 c5 2. Nf3 e6 3. d4 cxd4 4. Nxd4 Nc6 5. Nc3 Qc7 6. Be3 a6 7. f4 b5 8. Qd2
Bb7 9. Bd3 Nf6 10. e5 Ng4 11. Bg1 Bc5 12. Nxc6 Bxg1 13. Rxg1 Bxc6 14. O-O-O Qa7
15. Ne4 Bxe4 16. Bxe4 Rc8 17. Qd4 Qxd4 18. Rxd4 Rc7 19. h3 Ne3 20. b3 Ke7 21.
Re1 Nf5 22. Bxf5 exf5 23. Red1 Rhc8 24. R1d2 Ra7 25. Rd5 Rc6 26. Rd6 Rac7 27.
Kb2 Ke8 28. R6d4 h5 29. a4 Rc5 30. axb5 axb5 31. Rd5 b4 32. Rxc5 Rxc5 33. Rd4
g5 34. Rxb4 gxf4 35. Rxf4 Rxe5 36. Rb4 f4 37. Rxf4 Rg5 38. g4 hxg4 39. hxg4 Kd8
40. Kc3 Kc7 41. Kd3 Kd6 42. Ke3 Ke6 43. Ra4 f5 44. gxf5+ Rxf5 45. Rf4 Rh5 46.
Kd4 Kd6 47. Kc3 Kc5 48. Rc4+ Kb5 49. Rc7 Rd5 50. b4 Kb6 51. Rc4 Rh5 52. Rg4
Rh3+ 53. Kb2 Kb5 54. Rd4 Ka4 55. Rxd7 Kxb4 56. Rc7 Rh2 57. Rd7 1/2-1/2

[Event "OLOA 1920 SV Rochade Magdeburg 96 - SG"]
[Site "?"]
[Date "2019.09.29"]
[Round "1.3"]
[White "Rafayevych, Vilen"]
[Black "Bednar, Marcel"]
[Result "1/2-1/2"]
[WhiteElo "2090"]
[BlackElo "2251"]
[PlyCount "97"]
[EventDate "2019.??.??"]

1. d4 Nf6 2. c4 c5 3. d5 b5 4. cxb5 a6 5. bxa6 Bxa6 6. Nc3 d6 7. Nf3 g6 8. g3
Bg7 9. Bg2 O-O 10. O-O Nbd7 11. Qc2 Qa5 12. Rd1 Rfb8 13. Rb1 Ne8 14. Bg5 Kf8
15. Qd2 Nb6 16. Qe3 Ra7 17. Bh6 Nc4 18. Bxg7+ Kxg7 19. Qc1 Qb4 20. a3 Qb3 21.
Nd2 Nxd2 22. Rxd2 Nf6 23. Qc2 Rab7 24. Qxb3 Rxb3 25. Rc2 Ng4 26. Bf1 Ne5 27. e3
Bd3 28. Bxd3 Nxd3 29. a4 Kf8 30. Kf1 Ke8 31. Ke2 Nb4 32. Rd2 Kd7 33. Ra1 c4 34.
Nb5 Nd3 35. Rb1 Ra8 36. Nd4 Rb7 37. b3 Rxa4 38. Rbd1 Ra5 39. bxc4 Ne5 40. Rc2
Rc5 41. Rdc1 Rb4 42. Ra1 Rbxc4 43. Rxc4 Rxc4 44. f4 Ng4 45. Nc6 Re4 46. Ra7+
Ke8 47. h3 Nxe3 48. Ra8+ Kd7 49. Ra7+ 1/2-1/2

[Event "OLOA 1920 SV Rochade Magdeburg 96 - SG"]
[Site "?"]
[Date "2019.09.29"]
[Round "1.4"]
[White "Mueller, Dominik"]
[Black "Brueggemann, Florian"]
[Result "1-0"]
[WhiteElo "2258"]
[BlackElo "1990"]
[PlyCount "57"]
[EventDate "2019.??.??"]

1. c4 g6 2. g3 Bg7 3. Bg2 c6 4. Nf3 d6 5. O-O Na6 6. Nc3 Bd7 7. d4 Qc7 8. e4 e5
9. Be3 Ne7 10. Qd2 O-O 11. Rac1 Rad8 12. h3 Bc8 13. Bh6 b6 14. Rfe1 Nb8 15. b4
a6 16. Bxg7 Kxg7 17. Qb2 f6 18. Red1 Bd7 19. c5 exd4 20. cxd6 Qxd6 21. Rxd4 Qc7
22. Nd5 Nxd5 23. exd5 Bc8 24. dxc6 Nxc6 25. Rdc4 Bb7 26. Ng5 Rd6 27. Bxc6 Bxc6
28. Rxc6 Rd1+ 29. Kh2 1-0

[Event "OLOA 1920 SV Rochade Magdeburg 96 - SG"]
[Site "?"]
[Date "2019.09.29"]
[Round "1.5"]
[White "Windelband, Jens"]
[Black "Niering, Martin"]
[Result "1-0"]
[WhiteElo "2079"]
[BlackElo "2212"]
[PlyCount "64"]
[EventDate "2019.??.??"]

1. e4 e6 2. d4 d5 3. Nc3 Nf6 4. e5 Nfd7 5. f4 c5 6. Nf3 Nc6 7. Be3 Be7 8. Qd2
a6 9. dxc5 Nxc5 10. O-O-O Qa5 11. Nd4 Bd7 12. Kb1 b5 13. Bd3 Qc7 14. Qf2 Na5
15. Qg3 g6 16. f5 Nc4 17. Bxc4 dxc4 18. fxe6 fxe6 19. Rhf1 O-O-O 20. Rf7 Be8
21. Rg7 h6 22. Qf3 Kb8 23. Ne4 Nxe4 24. Qxe4 Rf8 25. a3 Rf7 26. Rxf7 Rxd4 27.
Qxd4 Bxf7 28. Bxh6 Be8 29. Bf8 Bxf8 30. Qd8+ Qxd8 31. Rxd8+ Kc7 32. Rxe8 Bg7
1-0